The Outsiders in 4 Letters - Statistics

General Stats
  • This quiz has been taken 352 times
    337 since last reset
  • The average score is 17 of 21
Answer Stats
Hint Answer % Correct
The color of the Soc's mustang. blue
99%
Johnny told Ponyboy to "stay ___" gold
96%
Who was Ponyboy's favorite brother? Soda
93%
Why were the kids trapped in the church? fire
89%
What book does Pony read to Johnny? Gone with the ____ wind
89%
Who were Johnny and Pony saving in the church? kids
88%
Who lost the rumble? socs
88%
In the newspaper, Pony and Johnny were each called a _____. hero
87%
What did Ponyboy and Johnny change about their appearance? hair
85%
How did Dally die? shot
85%
Who was in denial over Johnny's death? Pony
84%
What did Johnny do to Bob? stab
83%
Johnny's last name. Cade
82%
Ponyboy likes to do this. read
76%
What was Ponyboy good at in school? math
75%
Where was Pony kicked during the rumble? head
74%
Darry, Sodapop, and Ponyboy always have this for breakfast. cake
71%
Who was on Pony's mind in the beginning and end of the novel? Paul
62%
The greasers want to look this way. tuff
52%
Soda's favorite drink. milk
51%
Dally's friend. Buck
45%
No matching quizzes found
Score Distribution
Percent of People with Each Score
Percentile by Number Answered
Your Score History
You have not taken this quiz since the last reset